000 00751nam a2200241 a 4500
999 _c1606
_d1606
001 1606
003 BD-JhCC
005 20171022134249.0
008 171022s2015 bg |||| |||| 00| 0 ben d
020 _a8864120076
035 _a(BD-JhCC)1606
040 _aBD-JhCC
_dBD-JhCC
041 _aben
082 _a923.1
_bKAR 2015
100 _aমোঃ বজলুল করিম
245 _aপ্রকৌশলী এসএম শহীদুল্লাহ এর জীবন ও কর্ম /
_cমোঃ বজলুল করিম
260 _aখুলনা :
_bমিতালী বইঘর,
_c2015.
300 _a150 p. :
_c21 cm.
600 _aKarim, Md. Bazlul
650 _aBiography
942 _2ddc
_cBK